000 00324nam a22001457a 4500
020 _a81-203-0744-5
041 _aENG
100 _aBall.D.A
245 _aSolid State Pulse Circuits
250 _aFourth Ed
260 _aDelhi
_bPrentice Hall Of India
_c2000
300 _a594
650 _aEOES
856 _uEOES ( 14 )
999 _c1105
_d1105